On This Day (May 13th) Multiple Choice - Statistics

General Stats
  • This quiz has been taken 7 times
  • The average score is 4 of 15
Answer Stats
Question Answer % Correct
1787 – Captain Arthur Phillip leaves Portsmouth, England for Australia, with eleven ships full of what ? Convicts
83%
1619 – Dutch statesman Johan van Oldenbarnevelt is executed in which city after being convicted of treason ? The Hague
83%
1981 – Mehmet Ali Ağca attempts to assassinate Pope John Paul II in what place ? Piazza San Pietro, Vatican City
50%
1914 – Joe Louis, American boxer, is born. What was his nickname ? Brown Bomber
33%
1950 – Stevland Hardaway Judkins, American singer-songwriter, and pianist, is also born on this day. By what name is he better known ? Stevie Wonder
33%
1943 – World War II: Operations Vulcan and Strike force the surrender of the last Axis troops in which country ? Tunisia
33%
1958 – Ben Carlin becomes the first person to circumnavigate the world by what means of transport ? Amphibious Vehicle
17%
1830 – Ecuador gains its independence from who ? Colombia
17%
1995 – Alison Hargreaves, a 33-year-old British mother, becomes the first woman to achieve which feat ? Conquer Everest without Oxygen or Sherpas
17%
1967 – Dr. Zakir Husain becomes the first Muslim President of which country ? India
17%
2012 – Forty-nine dismembered bodies are discovered by Mexican authorities on which road ? Mexican Federal Highway 40
17%
1950 – The very first round of the Formula One World Championship is held at which circuit ? Silverstone, UK
17%
1780 – The Cumberland Compact is signed by leaders of the settlers in the Cumberland River area of what would become which U.S. state ? Tennessee
17%
1880 – In Menlo Park, New Jersey, Thomas Edison performs the first test of his what ? Electric Railway
0%
1861 – Pakistan's (then a part of British India) first railway line opens, from Karachi to which other city ? Kotri
0%
No matching quizzes found
Score Distribution
Percent of People with Each Score
Percentile by Number Answered
Your Score History
You have not taken this quiz